Aksi Jaguh Bola Sepak

Bibliographic Details
Main Author: Suhaida Azmi
Format: Book
Published: Kuala Lumpur : Penerbitan Hartamas , 2007
Series:Warisan Kegigihan Bangsa
Subjects:

MARC

LEADER 00000cam a2200000 7i4500
001 0000061612
005 20080922.0
008 080919 bm
020 |a 9789830342795 
090 0 0 |a J 499.2386 SUH 
100 1 |a Suhaida Azmi 
245 1 1 |a Aksi Jaguh Bola Sepak   |c Suhaida Azmi 
260 |a Kuala Lumpur :   |b Penerbitan Hartamas ,   |c 2007 
300 |a 96p. :   |b ill.; ;   |c 19cm. 
440 0 |a Warisan Kegigihan Bangsa 
650 0 0 |a Malay Language   |x Readers   |x Fiction 
999 |a 313157   |b Buku   |c Koleksi Pinjaman Kanak-Kanak   |e Perbadanan Perpustakaan Awam Melaka 
999 |a 313158   |b Buku   |c Koleksi Pinjaman Kanak-Kanak   |e Perbadanan Perpustakaan Awam Melaka